Redes sociales para la educación (Registro nro. 5765)

Detalles MARC
000 -Cabecera
Campo de control de longitud fija 00676ata a2200265 4500
005 - Fecha y hora de la última transacción
Campo de control 20260428184549.0
008 - Elementos de longitud fija--Información general
Campo de control de longitud fija 150519b2010 xxu||||| |||| 00| 0 spa d
020 ## - International Standard Book Number
Número Internacional Estándar del Libro (ISBN) 9788441527966
041 ## - Idioma
Código de idioma Español
082 ## - Clasificación Decimal Dewey
Número de clasificación 371.334 H292m
100 ## - Entrada principal--Autor personal
Nombre personal Haro Olle, Juan José de
9 (RLIN) 28544
245 ## - Título propiamente dicho
Título Redes sociales para la educación
260 ## - Pie de imprenta
Lugar de publicación, distribución, etc. España
260 ## - Pie de imprenta
Nombre del editor, distribuidor, etc. Anaya
260 ## - Pie de imprenta
Fecha de publicación, distribución, etc. 2010
300 ## - Descripción física
Extensión 426 páginas
490 ## - Serie
Título de la Serie Temática General
650 ## - Materia general
Temática (materia general) INTERNET EN EDUCACIÓN
650 ## - Materia general
Temática (materia general) ENSEÑANZA POR COMPUTADORAS
650 ## - Materia general
Temática (materia general) REDES SOCIALES
650 ## - Materia general
Temática (materia general) WORLD WIDE WEB
650 ## - Materia general
Temática (materia general) IDENTIDAD DIGITAL
650 ## - Materia general
Temática (materia general) MICROBOLOGGIN
942 ## - Punto de acceso adicional KOHA
Tipo de ítem KOHA Libro
Fuente del sistema de clasificación o colocación Dewey Decimal Classification
Existencias
Signatura completa Código de barras Programa Académico Tipo de ítem
371.334 H292m 17225 Temática General Libro